La democracia en el mundo moderno
Uloženo v:
| Hlavní autor: | |
|---|---|
| Médium: | Kniha |
| Jazyk: | španělština |
| Vydáno: |
Madrid
Rialp
1955
|
| Edice: | Biblioteca del Pensamiento Actual, 40
|
| Témata: | |
| Tagy: |
Přidat tag
Žádné tagy, Buďte první, kdo vytvoří štítek k tomuto záznamu!
|
MARC
| LEADER | 00000nam a2200000 a 4500 | ||
|---|---|---|---|
| 001 | UCT7143 | ||
| 003 | CL-VaPUC | ||
| 008 | 970116e19550000SP |||||||||||||||||spa|d | ||
| 082 | 0 | 4 | |a 321.4 |b HEE |2 21 |
| 100 | |a Heer, Friedrich |e author |9 589334 | ||
| 245 | 1 | 3 | |a La democracia en el mundo moderno |
| 300 | |a 157 p | ||
| 942 | |c BK | ||
| 945 | |d 19970116 00:00:00 |a paguirre | ||
| 260 | |a Madrid |b Rialp |c 1955 | ||
| 650 | 0 | |a Democracia |9 255256 | |
| 650 | 7 | |a SISTEMAS POLITICOS |2 CL-VaPUC |9 377895 | |
| 650 | 7 | |a FILOSOFIA POLITICA |2 CL-VaPUC |9 377896 | |
| 650 | 0 | |a Historia |9 255047 | |
| 650 | 7 | |a REVOLUCIONES POLITICAS |2 CL-VaPUC |9 377897 | |
| 651 | 0 | |a Inglaterra |9 255158 | |
| 583 | |a last modification |c 19970116 00:00:00 |k Rodrigo Vera | ||
| 490 | 0 | |a Biblioteca del Pensamiento Actual, 40 | |
| 999 | |c 255803 |d 255801 | ||
| 952 | |0 0 |1 0 |4 0 |6 321_400000000000000_HEE_1955 |7 0 |8 A |9 278230 |a BIBDER |b BIBDER |d 2019-11-19 |i 1806726 |o 321.4 HEE 1955 |p 1806726 |r 2023-01-25 |w 2019-11-19 |y BK |k DER | ||